Jugadores Japón #1 - Estadísticas

Estadísticas generales
  • Esta prueba ha sido intentada 11 veces
  • La puntuación promedio es 9 de 20
Estadísticas de respuestas
Imagen Respuesta % Correcto
Kubo
100%
Minamino
89%
Mitoma
89%
Tomiyasu
78%
Ito
67%
Endo
56%
Kamada
56%
Maeda
56%
Ito
44%
Yoshida
44%
Asano
33%
Doan
33%
Furuhashi
33%
Morita
33%
Sakai
33%
Itakura
22%
Hatate
11%
Machino
11%
Sugawara
11%
Watanabe
11%
No se encontraron pruebas coincidentes
Distribución de puntuación
Porcentaje de gente con cada puntuación
Porcentaje por número respondido
Historial de tus puntuaciones
No has intentado esta prueba.